<?xml version="1.0" encoding="UTF-8"?>
<record
    xmlns:xsi="http://www.w3.org/2001/XMLSchema-instance"
    xsi:schemaLocation="http://www.loc.gov/MARC21/slim http://www.loc.gov/standards/marcxml/schema/MARC21slim.xsd"
    xmlns="http://www.loc.gov/MARC21/slim">

  <leader>     nam a22     7a 4500</leader>
  <datafield tag="999" ind1=" " ind2=" ">
    <subfield code="c">50326</subfield>
    <subfield code="d">50326</subfield>
  </datafield>
  <controlfield tag="003">OSt</controlfield>
  <controlfield tag="005">20201214115547.0</controlfield>
  <controlfield tag="008">201214b        xxu||||| |||| 00| 0 eng d</controlfield>
  <datafield tag="040" ind1=" " ind2=" ">
    <subfield code="c">IIMTDDUMC</subfield>
  </datafield>
  <datafield tag="100" ind1=" " ind2=" ">
    <subfield code="a">DWIVEDI D.N</subfield>
  </datafield>
  <datafield tag="245" ind1=" " ind2=" ">
    <subfield code="a">MANAGERIAL ECONOMICS</subfield>
  </datafield>
  <datafield tag="250" ind1=" " ind2=" ">
    <subfield code="a">SEVENTH EDITION</subfield>
  </datafield>
  <datafield tag="260" ind1=" " ind2=" ">
    <subfield code="a">DELHI</subfield>
    <subfield code="b">VIKAS PUB. HOUSE PVT LTD</subfield>
  </datafield>
  <datafield tag="300" ind1=" " ind2=" ">
    <subfield code="a">704</subfield>
  </datafield>
  <datafield tag="942" ind1=" " ind2=" ">
    <subfield code="2">ddc</subfield>
    <subfield code="c">02</subfield>
  </datafield>
  <datafield tag="952" ind1=" " ind2=" ">
    <subfield code="0">0</subfield>
    <subfield code="1">0</subfield>
    <subfield code="2">ddc</subfield>
    <subfield code="4">0</subfield>
    <subfield code="7">0</subfield>
    <subfield code="a">15</subfield>
    <subfield code="b">15</subfield>
    <subfield code="d">2020-12-14</subfield>
    <subfield code="g">395.00</subfield>
    <subfield code="l">3</subfield>
    <subfield code="p">15-B-16308</subfield>
    <subfield code="r">2024-03-04</subfield>
    <subfield code="s">2023-09-20</subfield>
    <subfield code="w">2020-12-14</subfield>
    <subfield code="y">02</subfield>
  </datafield>
  <datafield tag="952" ind1=" " ind2=" ">
    <subfield code="0">0</subfield>
    <subfield code="1">0</subfield>
    <subfield code="2">ddc</subfield>
    <subfield code="4">0</subfield>
    <subfield code="7">0</subfield>
    <subfield code="a">15</subfield>
    <subfield code="b">15</subfield>
    <subfield code="d">2020-12-14</subfield>
    <subfield code="g">395.00</subfield>
    <subfield code="l">3</subfield>
    <subfield code="p">15-B-16309</subfield>
    <subfield code="r">2021-12-10</subfield>
    <subfield code="s">2021-10-19</subfield>
    <subfield code="w">2020-12-14</subfield>
    <subfield code="y">02</subfield>
  </datafield>
  <datafield tag="952" ind1=" " ind2=" ">
    <subfield code="0">0</subfield>
    <subfield code="1">0</subfield>
    <subfield code="2">ddc</subfield>
    <subfield code="4">0</subfield>
    <subfield code="7">0</subfield>
    <subfield code="a">15</subfield>
    <subfield code="b">15</subfield>
    <subfield code="d">2020-12-14</subfield>
    <subfield code="g">395.00</subfield>
    <subfield code="l">5</subfield>
    <subfield code="p">15-B-16310</subfield>
    <subfield code="r">2025-02-10</subfield>
    <subfield code="s">2024-09-06</subfield>
    <subfield code="w">2020-12-14</subfield>
    <subfield code="y">02</subfield>
  </datafield>
  <datafield tag="952" ind1=" " ind2=" ">
    <subfield code="0">0</subfield>
    <subfield code="1">0</subfield>
    <subfield code="2">ddc</subfield>
    <subfield code="4">0</subfield>
    <subfield code="7">0</subfield>
    <subfield code="a">15</subfield>
    <subfield code="b">15</subfield>
    <subfield code="d">2020-12-14</subfield>
    <subfield code="g">395.00</subfield>
    <subfield code="l">2</subfield>
    <subfield code="p">15-B-16311</subfield>
    <subfield code="q">2022-03-15</subfield>
    <subfield code="r">2021-10-20</subfield>
    <subfield code="s">2021-10-20</subfield>
    <subfield code="w">2020-12-14</subfield>
    <subfield code="y">02</subfield>
  </datafield>
  <datafield tag="952" ind1=" " ind2=" ">
    <subfield code="0">0</subfield>
    <subfield code="1">0</subfield>
    <subfield code="2">ddc</subfield>
    <subfield code="4">0</subfield>
    <subfield code="7">0</subfield>
    <subfield code="a">15</subfield>
    <subfield code="b">15</subfield>
    <subfield code="d">2020-12-14</subfield>
    <subfield code="g">395.00</subfield>
    <subfield code="l">3</subfield>
    <subfield code="p">15-B-16312</subfield>
    <subfield code="r">2025-01-30</subfield>
    <subfield code="s">2024-09-03</subfield>
    <subfield code="w">2020-12-14</subfield>
    <subfield code="y">02</subfield>
  </datafield>
  <datafield tag="952" ind1=" " ind2=" ">
    <subfield code="0">0</subfield>
    <subfield code="1">0</subfield>
    <subfield code="2">ddc</subfield>
    <subfield code="4">0</subfield>
    <subfield code="7">0</subfield>
    <subfield code="a">15</subfield>
    <subfield code="b">15</subfield>
    <subfield code="d">2020-12-14</subfield>
    <subfield code="g">395.00</subfield>
    <subfield code="l">5</subfield>
    <subfield code="p">15-B-16313</subfield>
    <subfield code="r">2025-02-18</subfield>
    <subfield code="s">2024-12-10</subfield>
    <subfield code="w">2020-12-14</subfield>
    <subfield code="y">02</subfield>
  </datafield>
  <datafield tag="952" ind1=" " ind2=" ">
    <subfield code="0">0</subfield>
    <subfield code="1">0</subfield>
    <subfield code="2">ddc</subfield>
    <subfield code="4">0</subfield>
    <subfield code="7">0</subfield>
    <subfield code="a">15</subfield>
    <subfield code="b">15</subfield>
    <subfield code="d">2020-12-14</subfield>
    <subfield code="g">395.00</subfield>
    <subfield code="l">3</subfield>
    <subfield code="p">15-B-16314</subfield>
    <subfield code="r">2025-02-13</subfield>
    <subfield code="s">2024-09-12</subfield>
    <subfield code="w">2020-12-14</subfield>
    <subfield code="y">02</subfield>
  </datafield>
  <datafield tag="952" ind1=" " ind2=" ">
    <subfield code="0">0</subfield>
    <subfield code="1">0</subfield>
    <subfield code="2">ddc</subfield>
    <subfield code="4">0</subfield>
    <subfield code="7">0</subfield>
    <subfield code="a">15</subfield>
    <subfield code="b">15</subfield>
    <subfield code="d">2020-12-14</subfield>
    <subfield code="g">395.00</subfield>
    <subfield code="l">4</subfield>
    <subfield code="p">15-B-16315</subfield>
    <subfield code="r">2025-02-06</subfield>
    <subfield code="s">2024-09-04</subfield>
    <subfield code="w">2020-12-14</subfield>
    <subfield code="y">02</subfield>
  </datafield>
  <datafield tag="952" ind1=" " ind2=" ">
    <subfield code="0">0</subfield>
    <subfield code="1">0</subfield>
    <subfield code="2">ddc</subfield>
    <subfield code="4">0</subfield>
    <subfield code="7">0</subfield>
    <subfield code="a">15</subfield>
    <subfield code="b">15</subfield>
    <subfield code="d">2020-12-14</subfield>
    <subfield code="g">395.00</subfield>
    <subfield code="l">5</subfield>
    <subfield code="p">15-B-16316</subfield>
    <subfield code="r">2025-03-22</subfield>
    <subfield code="s">2024-10-17</subfield>
    <subfield code="w">2020-12-14</subfield>
    <subfield code="y">02</subfield>
  </datafield>
  <datafield tag="952" ind1=" " ind2=" ">
    <subfield code="0">0</subfield>
    <subfield code="1">0</subfield>
    <subfield code="2">ddc</subfield>
    <subfield code="4">0</subfield>
    <subfield code="7">0</subfield>
    <subfield code="a">15</subfield>
    <subfield code="b">15</subfield>
    <subfield code="d">2020-12-14</subfield>
    <subfield code="g">395.00</subfield>
    <subfield code="l">4</subfield>
    <subfield code="p">15-B-16317</subfield>
    <subfield code="r">2025-01-29</subfield>
    <subfield code="s">2024-09-12</subfield>
    <subfield code="w">2020-12-14</subfield>
    <subfield code="y">02</subfield>
  </datafield>
  <datafield tag="952" ind1=" " ind2=" ">
    <subfield code="0">0</subfield>
    <subfield code="1">0</subfield>
    <subfield code="2">ddc</subfield>
    <subfield code="4">0</subfield>
    <subfield code="7">0</subfield>
    <subfield code="a">15</subfield>
    <subfield code="b">15</subfield>
    <subfield code="d">2020-12-14</subfield>
    <subfield code="g">395.00</subfield>
    <subfield code="l">4</subfield>
    <subfield code="p">15-B-16318</subfield>
    <subfield code="r">2025-02-06</subfield>
    <subfield code="s">2024-09-03</subfield>
    <subfield code="w">2020-12-14</subfield>
    <subfield code="y">02</subfield>
  </datafield>
  <datafield tag="952" ind1=" " ind2=" ">
    <subfield code="0">0</subfield>
    <subfield code="1">0</subfield>
    <subfield code="2">ddc</subfield>
    <subfield code="4">0</subfield>
    <subfield code="7">0</subfield>
    <subfield code="a">15</subfield>
    <subfield code="b">15</subfield>
    <subfield code="d">2020-12-14</subfield>
    <subfield code="g">395.00</subfield>
    <subfield code="l">5</subfield>
    <subfield code="p">15-B-16319</subfield>
    <subfield code="r">2025-02-10</subfield>
    <subfield code="s">2024-09-04</subfield>
    <subfield code="w">2020-12-14</subfield>
    <subfield code="y">02</subfield>
  </datafield>
  <datafield tag="952" ind1=" " ind2=" ">
    <subfield code="0">0</subfield>
    <subfield code="1">0</subfield>
    <subfield code="2">ddc</subfield>
    <subfield code="4">0</subfield>
    <subfield code="7">0</subfield>
    <subfield code="a">15</subfield>
    <subfield code="b">15</subfield>
    <subfield code="d">2020-12-14</subfield>
    <subfield code="g">395.00</subfield>
    <subfield code="l">1</subfield>
    <subfield code="p">15-B-16320</subfield>
    <subfield code="q">2021-03-15</subfield>
    <subfield code="r">2021-02-26</subfield>
    <subfield code="s">2021-02-26</subfield>
    <subfield code="w">2020-12-14</subfield>
    <subfield code="y">02</subfield>
  </datafield>
  <datafield tag="952" ind1=" " ind2=" ">
    <subfield code="0">0</subfield>
    <subfield code="1">0</subfield>
    <subfield code="2">ddc</subfield>
    <subfield code="4">0</subfield>
    <subfield code="7">0</subfield>
    <subfield code="a">15</subfield>
    <subfield code="b">15</subfield>
    <subfield code="d">2020-12-14</subfield>
    <subfield code="g">395.00</subfield>
    <subfield code="l">4</subfield>
    <subfield code="p">15-B-16321</subfield>
    <subfield code="r">2025-03-07</subfield>
    <subfield code="s">2024-09-06</subfield>
    <subfield code="w">2020-12-14</subfield>
    <subfield code="y">02</subfield>
  </datafield>
  <datafield tag="952" ind1=" " ind2=" ">
    <subfield code="0">0</subfield>
    <subfield code="1">0</subfield>
    <subfield code="2">ddc</subfield>
    <subfield code="4">0</subfield>
    <subfield code="7">0</subfield>
    <subfield code="a">15</subfield>
    <subfield code="b">15</subfield>
    <subfield code="d">2020-12-14</subfield>
    <subfield code="g">395.00</subfield>
    <subfield code="l">4</subfield>
    <subfield code="p">15-B-16322</subfield>
    <subfield code="r">2025-02-19</subfield>
    <subfield code="s">2024-11-25</subfield>
    <subfield code="w">2020-12-14</subfield>
    <subfield code="y">02</subfield>
  </datafield>
  <datafield tag="952" ind1=" " ind2=" ">
    <subfield code="0">0</subfield>
    <subfield code="1">0</subfield>
    <subfield code="2">ddc</subfield>
    <subfield code="4">0</subfield>
    <subfield code="7">0</subfield>
    <subfield code="a">15</subfield>
    <subfield code="b">15</subfield>
    <subfield code="d">2020-12-14</subfield>
    <subfield code="g">395.00</subfield>
    <subfield code="l">3</subfield>
    <subfield code="p">15-B-16323</subfield>
    <subfield code="r">2025-02-06</subfield>
    <subfield code="s">2024-09-06</subfield>
    <subfield code="w">2020-12-14</subfield>
    <subfield code="y">02</subfield>
  </datafield>
  <datafield tag="952" ind1=" " ind2=" ">
    <subfield code="0">0</subfield>
    <subfield code="1">0</subfield>
    <subfield code="2">ddc</subfield>
    <subfield code="4">0</subfield>
    <subfield code="7">0</subfield>
    <subfield code="a">15</subfield>
    <subfield code="b">15</subfield>
    <subfield code="d">2020-12-14</subfield>
    <subfield code="g">395.00</subfield>
    <subfield code="l">4</subfield>
    <subfield code="p">15-B-16324</subfield>
    <subfield code="r">2025-02-24</subfield>
    <subfield code="s">2024-09-03</subfield>
    <subfield code="w">2020-12-14</subfield>
    <subfield code="y">02</subfield>
  </datafield>
  <datafield tag="952" ind1=" " ind2=" ">
    <subfield code="0">0</subfield>
    <subfield code="1">0</subfield>
    <subfield code="2">ddc</subfield>
    <subfield code="4">0</subfield>
    <subfield code="7">0</subfield>
    <subfield code="a">15</subfield>
    <subfield code="b">15</subfield>
    <subfield code="d">2020-12-14</subfield>
    <subfield code="g">395.00</subfield>
    <subfield code="l">4</subfield>
    <subfield code="p">15-B-16325</subfield>
    <subfield code="r">2025-02-10</subfield>
    <subfield code="s">2024-09-03</subfield>
    <subfield code="w">2020-12-14</subfield>
    <subfield code="y">02</subfield>
  </datafield>
  <datafield tag="952" ind1=" " ind2=" ">
    <subfield code="0">0</subfield>
    <subfield code="1">0</subfield>
    <subfield code="2">ddc</subfield>
    <subfield code="4">0</subfield>
    <subfield code="7">0</subfield>
    <subfield code="a">15</subfield>
    <subfield code="b">15</subfield>
    <subfield code="d">2020-12-14</subfield>
    <subfield code="g">395.00</subfield>
    <subfield code="l">3</subfield>
    <subfield code="p">15-B-16326</subfield>
    <subfield code="r">2024-03-05</subfield>
    <subfield code="s">2023-09-21</subfield>
    <subfield code="w">2020-12-14</subfield>
    <subfield code="y">02</subfield>
  </datafield>
  <datafield tag="952" ind1=" " ind2=" ">
    <subfield code="0">0</subfield>
    <subfield code="1">0</subfield>
    <subfield code="2">ddc</subfield>
    <subfield code="4">0</subfield>
    <subfield code="7">0</subfield>
    <subfield code="a">15</subfield>
    <subfield code="b">15</subfield>
    <subfield code="d">2020-12-14</subfield>
    <subfield code="g">395.00</subfield>
    <subfield code="l">4</subfield>
    <subfield code="p">15-B-16327</subfield>
    <subfield code="r">2025-02-05</subfield>
    <subfield code="s">2024-12-02</subfield>
    <subfield code="w">2020-12-14</subfield>
    <subfield code="y">02</subfield>
  </datafield>
  <datafield tag="952" ind1=" " ind2=" ">
    <subfield code="0">0</subfield>
    <subfield code="1">0</subfield>
    <subfield code="2">ddc</subfield>
    <subfield code="4">0</subfield>
    <subfield code="7">0</subfield>
    <subfield code="a">15</subfield>
    <subfield code="b">15</subfield>
    <subfield code="d">2020-12-14</subfield>
    <subfield code="g">395.00</subfield>
    <subfield code="l">4</subfield>
    <subfield code="p">15-B-16328</subfield>
    <subfield code="r">2025-02-07</subfield>
    <subfield code="s">2024-09-06</subfield>
    <subfield code="w">2020-12-14</subfield>
    <subfield code="y">02</subfield>
  </datafield>
  <datafield tag="952" ind1=" " ind2=" ">
    <subfield code="0">0</subfield>
    <subfield code="1">0</subfield>
    <subfield code="2">ddc</subfield>
    <subfield code="4">0</subfield>
    <subfield code="7">0</subfield>
    <subfield code="a">15</subfield>
    <subfield code="b">15</subfield>
    <subfield code="d">2020-12-14</subfield>
    <subfield code="g">395.00</subfield>
    <subfield code="l">3</subfield>
    <subfield code="p">15-B-16329</subfield>
    <subfield code="r">2025-02-11</subfield>
    <subfield code="s">2024-10-24</subfield>
    <subfield code="w">2020-12-14</subfield>
    <subfield code="y">02</subfield>
  </datafield>
  <datafield tag="952" ind1=" " ind2=" ">
    <subfield code="0">0</subfield>
    <subfield code="1">0</subfield>
    <subfield code="2">ddc</subfield>
    <subfield code="4">0</subfield>
    <subfield code="7">0</subfield>
    <subfield code="a">15</subfield>
    <subfield code="b">15</subfield>
    <subfield code="d">2020-12-14</subfield>
    <subfield code="g">395.00</subfield>
    <subfield code="l">1</subfield>
    <subfield code="p">15-B-16330</subfield>
    <subfield code="q">2021-03-15</subfield>
    <subfield code="r">2021-02-09</subfield>
    <subfield code="s">2021-02-09</subfield>
    <subfield code="w">2020-12-14</subfield>
    <subfield code="y">02</subfield>
  </datafield>
  <datafield tag="952" ind1=" " ind2=" ">
    <subfield code="0">0</subfield>
    <subfield code="1">0</subfield>
    <subfield code="2">ddc</subfield>
    <subfield code="4">0</subfield>
    <subfield code="7">0</subfield>
    <subfield code="a">15</subfield>
    <subfield code="b">15</subfield>
    <subfield code="d">2020-12-14</subfield>
    <subfield code="g">395.00</subfield>
    <subfield code="l">4</subfield>
    <subfield code="p">15-B-16331</subfield>
    <subfield code="r">2025-02-28</subfield>
    <subfield code="s">2024-11-06</subfield>
    <subfield code="w">2020-12-14</subfield>
    <subfield code="y">02</subfield>
  </datafield>
  <datafield tag="952" ind1=" " ind2=" ">
    <subfield code="0">0</subfield>
    <subfield code="1">0</subfield>
    <subfield code="2">ddc</subfield>
    <subfield code="4">0</subfield>
    <subfield code="7">0</subfield>
    <subfield code="a">15</subfield>
    <subfield code="b">15</subfield>
    <subfield code="d">2020-12-14</subfield>
    <subfield code="g">395.00</subfield>
    <subfield code="l">3</subfield>
    <subfield code="p">15-B-16332</subfield>
    <subfield code="r">2024-03-14</subfield>
    <subfield code="s">2023-09-26</subfield>
    <subfield code="w">2020-12-14</subfield>
    <subfield code="y">02</subfield>
  </datafield>
  <datafield tag="952" ind1=" " ind2=" ">
    <subfield code="0">0</subfield>
    <subfield code="1">0</subfield>
    <subfield code="2">ddc</subfield>
    <subfield code="4">0</subfield>
    <subfield code="7">0</subfield>
    <subfield code="a">15</subfield>
    <subfield code="b">15</subfield>
    <subfield code="d">2020-12-14</subfield>
    <subfield code="g">395.00</subfield>
    <subfield code="l">3</subfield>
    <subfield code="p">15-B-16333</subfield>
    <subfield code="r">2025-02-11</subfield>
    <subfield code="s">2024-09-04</subfield>
    <subfield code="w">2020-12-14</subfield>
    <subfield code="y">02</subfield>
  </datafield>
  <datafield tag="952" ind1=" " ind2=" ">
    <subfield code="0">0</subfield>
    <subfield code="1">0</subfield>
    <subfield code="2">ddc</subfield>
    <subfield code="4">0</subfield>
    <subfield code="7">0</subfield>
    <subfield code="a">15</subfield>
    <subfield code="b">15</subfield>
    <subfield code="d">2020-12-14</subfield>
    <subfield code="g">395.00</subfield>
    <subfield code="l">4</subfield>
    <subfield code="p">15-B-16334</subfield>
    <subfield code="r">2025-02-10</subfield>
    <subfield code="s">2024-10-03</subfield>
    <subfield code="w">2020-12-14</subfield>
    <subfield code="y">02</subfield>
  </datafield>
  <datafield tag="952" ind1=" " ind2=" ">
    <subfield code="0">0</subfield>
    <subfield code="1">0</subfield>
    <subfield code="2">ddc</subfield>
    <subfield code="4">0</subfield>
    <subfield code="7">0</subfield>
    <subfield code="a">15</subfield>
    <subfield code="b">15</subfield>
    <subfield code="d">2020-12-14</subfield>
    <subfield code="g">395.00</subfield>
    <subfield code="l">3</subfield>
    <subfield code="p">15-B-16335</subfield>
    <subfield code="r">2025-02-17</subfield>
    <subfield code="s">2024-09-03</subfield>
    <subfield code="w">2020-12-14</subfield>
    <subfield code="y">02</subfield>
  </datafield>
  <datafield tag="952" ind1=" " ind2=" ">
    <subfield code="0">0</subfield>
    <subfield code="1">0</subfield>
    <subfield code="2">ddc</subfield>
    <subfield code="4">0</subfield>
    <subfield code="7">0</subfield>
    <subfield code="a">15</subfield>
    <subfield code="b">15</subfield>
    <subfield code="d">2020-12-14</subfield>
    <subfield code="g">395.00</subfield>
    <subfield code="l">4</subfield>
    <subfield code="p">15-B-16336</subfield>
    <subfield code="r">2025-03-03</subfield>
    <subfield code="s">2024-11-18</subfield>
    <subfield code="w">2020-12-14</subfield>
    <subfield code="y">02</subfield>
  </datafield>
  <datafield tag="952" ind1=" " ind2=" ">
    <subfield code="0">0</subfield>
    <subfield code="1">0</subfield>
    <subfield code="2">ddc</subfield>
    <subfield code="4">0</subfield>
    <subfield code="7">0</subfield>
    <subfield code="a">15</subfield>
    <subfield code="b">15</subfield>
    <subfield code="d">2020-12-14</subfield>
    <subfield code="g">395.00</subfield>
    <subfield code="l">4</subfield>
    <subfield code="p">15-B-16337</subfield>
    <subfield code="r">2025-02-12</subfield>
    <subfield code="s">2024-09-04</subfield>
    <subfield code="w">2020-12-14</subfield>
    <subfield code="y">02</subfield>
  </datafield>
  <datafield tag="952" ind1=" " ind2=" ">
    <subfield code="0">0</subfield>
    <subfield code="1">0</subfield>
    <subfield code="2">ddc</subfield>
    <subfield code="4">0</subfield>
    <subfield code="7">0</subfield>
    <subfield code="a">15</subfield>
    <subfield code="b">15</subfield>
    <subfield code="d">2020-12-14</subfield>
    <subfield code="g">395.00</subfield>
    <subfield code="l">4</subfield>
    <subfield code="p">15-B-16338</subfield>
    <subfield code="r">2025-02-19</subfield>
    <subfield code="s">2024-09-06</subfield>
    <subfield code="w">2020-12-14</subfield>
    <subfield code="y">02</subfield>
  </datafield>
  <datafield tag="952" ind1=" " ind2=" ">
    <subfield code="0">0</subfield>
    <subfield code="1">0</subfield>
    <subfield code="2">ddc</subfield>
    <subfield code="4">0</subfield>
    <subfield code="7">0</subfield>
    <subfield code="a">15</subfield>
    <subfield code="b">15</subfield>
    <subfield code="d">2020-12-14</subfield>
    <subfield code="g">395.00</subfield>
    <subfield code="l">2</subfield>
    <subfield code="m">1</subfield>
    <subfield code="p">15-B-16339</subfield>
    <subfield code="q">2022-03-15</subfield>
    <subfield code="r">2021-10-12</subfield>
    <subfield code="s">2021-10-12</subfield>
    <subfield code="w">2020-12-14</subfield>
    <subfield code="y">02</subfield>
  </datafield>
  <datafield tag="952" ind1=" " ind2=" ">
    <subfield code="0">0</subfield>
    <subfield code="1">0</subfield>
    <subfield code="2">ddc</subfield>
    <subfield code="4">0</subfield>
    <subfield code="7">0</subfield>
    <subfield code="a">15</subfield>
    <subfield code="b">15</subfield>
    <subfield code="d">2020-12-14</subfield>
    <subfield code="g">395.00</subfield>
    <subfield code="l">3</subfield>
    <subfield code="p">15-B-16340</subfield>
    <subfield code="r">2025-02-06</subfield>
    <subfield code="s">2024-09-06</subfield>
    <subfield code="w">2020-12-14</subfield>
    <subfield code="y">02</subfield>
  </datafield>
  <datafield tag="952" ind1=" " ind2=" ">
    <subfield code="0">0</subfield>
    <subfield code="1">0</subfield>
    <subfield code="2">ddc</subfield>
    <subfield code="4">0</subfield>
    <subfield code="7">0</subfield>
    <subfield code="a">15</subfield>
    <subfield code="b">15</subfield>
    <subfield code="d">2020-12-14</subfield>
    <subfield code="g">395.00</subfield>
    <subfield code="l">4</subfield>
    <subfield code="p">15-B-16341</subfield>
    <subfield code="r">2025-02-11</subfield>
    <subfield code="s">2024-09-03</subfield>
    <subfield code="w">2020-12-14</subfield>
    <subfield code="y">02</subfield>
  </datafield>
  <datafield tag="952" ind1=" " ind2=" ">
    <subfield code="0">0</subfield>
    <subfield code="1">0</subfield>
    <subfield code="2">ddc</subfield>
    <subfield code="4">0</subfield>
    <subfield code="7">0</subfield>
    <subfield code="a">15</subfield>
    <subfield code="b">15</subfield>
    <subfield code="d">2020-12-14</subfield>
    <subfield code="g">395.00</subfield>
    <subfield code="l">4</subfield>
    <subfield code="p">15-B-16342</subfield>
    <subfield code="r">2025-02-05</subfield>
    <subfield code="s">2024-09-05</subfield>
    <subfield code="w">2020-12-14</subfield>
    <subfield code="y">02</subfield>
  </datafield>
  <datafield tag="952" ind1=" " ind2=" ">
    <subfield code="0">0</subfield>
    <subfield code="1">0</subfield>
    <subfield code="2">ddc</subfield>
    <subfield code="4">0</subfield>
    <subfield code="7">0</subfield>
    <subfield code="a">15</subfield>
    <subfield code="b">15</subfield>
    <subfield code="d">2020-12-14</subfield>
    <subfield code="g">395.00</subfield>
    <subfield code="l">2</subfield>
    <subfield code="p">15-B-16343</subfield>
    <subfield code="r">2022-03-29</subfield>
    <subfield code="s">2021-10-21</subfield>
    <subfield code="w">2020-12-14</subfield>
    <subfield code="y">02</subfield>
  </datafield>
  <datafield tag="952" ind1=" " ind2=" ">
    <subfield code="0">0</subfield>
    <subfield code="1">0</subfield>
    <subfield code="2">ddc</subfield>
    <subfield code="4">0</subfield>
    <subfield code="7">0</subfield>
    <subfield code="a">15</subfield>
    <subfield code="b">15</subfield>
    <subfield code="d">2020-12-14</subfield>
    <subfield code="g">395.00</subfield>
    <subfield code="l">3</subfield>
    <subfield code="p">15-B-16344</subfield>
    <subfield code="r">2025-02-06</subfield>
    <subfield code="s">2024-09-26</subfield>
    <subfield code="w">2020-12-14</subfield>
    <subfield code="y">02</subfield>
  </datafield>
  <datafield tag="952" ind1=" " ind2=" ">
    <subfield code="0">0</subfield>
    <subfield code="1">0</subfield>
    <subfield code="2">ddc</subfield>
    <subfield code="4">0</subfield>
    <subfield code="7">0</subfield>
    <subfield code="a">15</subfield>
    <subfield code="b">15</subfield>
    <subfield code="d">2020-12-14</subfield>
    <subfield code="g">395.00</subfield>
    <subfield code="l">4</subfield>
    <subfield code="p">15-B-16345</subfield>
    <subfield code="r">2025-02-11</subfield>
    <subfield code="s">2024-09-03</subfield>
    <subfield code="w">2020-12-14</subfield>
    <subfield code="y">02</subfield>
  </datafield>
  <datafield tag="952" ind1=" " ind2=" ">
    <subfield code="0">0</subfield>
    <subfield code="1">0</subfield>
    <subfield code="2">ddc</subfield>
    <subfield code="4">0</subfield>
    <subfield code="7">0</subfield>
    <subfield code="a">15</subfield>
    <subfield code="b">15</subfield>
    <subfield code="d">2020-12-14</subfield>
    <subfield code="g">395.00</subfield>
    <subfield code="l">3</subfield>
    <subfield code="p">15-B-16346</subfield>
    <subfield code="r">2025-02-05</subfield>
    <subfield code="s">2024-09-04</subfield>
    <subfield code="w">2020-12-14</subfield>
    <subfield code="y">02</subfield>
  </datafield>
  <datafield tag="952" ind1=" " ind2=" ">
    <subfield code="0">0</subfield>
    <subfield code="1">0</subfield>
    <subfield code="2">ddc</subfield>
    <subfield code="4">0</subfield>
    <subfield code="7">0</subfield>
    <subfield code="a">15</subfield>
    <subfield code="b">15</subfield>
    <subfield code="d">2020-12-14</subfield>
    <subfield code="g">395.00</subfield>
    <subfield code="l">2</subfield>
    <subfield code="p">15-B-16347</subfield>
    <subfield code="r">2025-02-10</subfield>
    <subfield code="s">2024-09-04</subfield>
    <subfield code="w">2020-12-14</subfield>
    <subfield code="y">02</subfield>
  </datafield>
  <datafield tag="952" ind1=" " ind2=" ">
    <subfield code="0">0</subfield>
    <subfield code="1">0</subfield>
    <subfield code="2">ddc</subfield>
    <subfield code="4">0</subfield>
    <subfield code="7">0</subfield>
    <subfield code="a">15</subfield>
    <subfield code="b">15</subfield>
    <subfield code="d">2020-12-14</subfield>
    <subfield code="g">395.00</subfield>
    <subfield code="l">2</subfield>
    <subfield code="p">15-B-16348</subfield>
    <subfield code="r">2024-04-08</subfield>
    <subfield code="s">2023-09-20</subfield>
    <subfield code="w">2020-12-14</subfield>
    <subfield code="y">02</subfield>
  </datafield>
  <datafield tag="952" ind1=" " ind2=" ">
    <subfield code="0">0</subfield>
    <subfield code="1">0</subfield>
    <subfield code="2">ddc</subfield>
    <subfield code="4">0</subfield>
    <subfield code="7">0</subfield>
    <subfield code="a">15</subfield>
    <subfield code="b">15</subfield>
    <subfield code="d">2020-12-14</subfield>
    <subfield code="g">395.00</subfield>
    <subfield code="l">4</subfield>
    <subfield code="p">15-B-16349</subfield>
    <subfield code="r">2025-03-07</subfield>
    <subfield code="s">2024-10-14</subfield>
    <subfield code="w">2020-12-14</subfield>
    <subfield code="y">02</subfield>
  </datafield>
  <datafield tag="952" ind1=" " ind2=" ">
    <subfield code="0">0</subfield>
    <subfield code="1">0</subfield>
    <subfield code="2">ddc</subfield>
    <subfield code="4">0</subfield>
    <subfield code="7">0</subfield>
    <subfield code="a">15</subfield>
    <subfield code="b">15</subfield>
    <subfield code="d">2020-12-14</subfield>
    <subfield code="g">395.00</subfield>
    <subfield code="l">4</subfield>
    <subfield code="p">15-B-16350</subfield>
    <subfield code="r">2024-02-26</subfield>
    <subfield code="s">2023-09-20</subfield>
    <subfield code="w">2020-12-14</subfield>
    <subfield code="y">02</subfield>
  </datafield>
  <datafield tag="952" ind1=" " ind2=" ">
    <subfield code="0">0</subfield>
    <subfield code="1">0</subfield>
    <subfield code="2">ddc</subfield>
    <subfield code="4">0</subfield>
    <subfield code="7">0</subfield>
    <subfield code="a">15</subfield>
    <subfield code="b">15</subfield>
    <subfield code="d">2020-12-14</subfield>
    <subfield code="g">395.00</subfield>
    <subfield code="l">3</subfield>
    <subfield code="p">15-B-16351</subfield>
    <subfield code="r">2025-02-05</subfield>
    <subfield code="s">2024-09-03</subfield>
    <subfield code="w">2020-12-14</subfield>
    <subfield code="y">02</subfield>
  </datafield>
  <datafield tag="952" ind1=" " ind2=" ">
    <subfield code="0">0</subfield>
    <subfield code="1">0</subfield>
    <subfield code="2">ddc</subfield>
    <subfield code="4">0</subfield>
    <subfield code="7">0</subfield>
    <subfield code="a">15</subfield>
    <subfield code="b">15</subfield>
    <subfield code="d">2020-12-14</subfield>
    <subfield code="g">395.00</subfield>
    <subfield code="l">3</subfield>
    <subfield code="p">15-B-16352</subfield>
    <subfield code="r">2025-02-12</subfield>
    <subfield code="s">2024-09-03</subfield>
    <subfield code="w">2020-12-14</subfield>
    <subfield code="y">02</subfield>
  </datafield>
  <datafield tag="952" ind1=" " ind2=" ">
    <subfield code="0">0</subfield>
    <subfield code="1">0</subfield>
    <subfield code="2">ddc</subfield>
    <subfield code="4">0</subfield>
    <subfield code="7">0</subfield>
    <subfield code="a">15</subfield>
    <subfield code="b">15</subfield>
    <subfield code="d">2020-12-14</subfield>
    <subfield code="g">395.00</subfield>
    <subfield code="l">4</subfield>
    <subfield code="p">15-B-16353</subfield>
    <subfield code="r">2025-02-07</subfield>
    <subfield code="s">2024-09-04</subfield>
    <subfield code="w">2020-12-14</subfield>
    <subfield code="y">02</subfield>
  </datafield>
  <datafield tag="952" ind1=" " ind2=" ">
    <subfield code="0">0</subfield>
    <subfield code="1">0</subfield>
    <subfield code="2">ddc</subfield>
    <subfield code="4">0</subfield>
    <subfield code="7">0</subfield>
    <subfield code="a">15</subfield>
    <subfield code="b">15</subfield>
    <subfield code="d">2020-12-14</subfield>
    <subfield code="g">395.00</subfield>
    <subfield code="l">4</subfield>
    <subfield code="p">15-B-16354</subfield>
    <subfield code="r">2025-02-07</subfield>
    <subfield code="s">2024-09-11</subfield>
    <subfield code="w">2020-12-14</subfield>
    <subfield code="y">02</subfield>
  </datafield>
  <datafield tag="952" ind1=" " ind2=" ">
    <subfield code="0">0</subfield>
    <subfield code="1">0</subfield>
    <subfield code="2">ddc</subfield>
    <subfield code="4">0</subfield>
    <subfield code="7">0</subfield>
    <subfield code="a">15</subfield>
    <subfield code="b">15</subfield>
    <subfield code="d">2020-12-14</subfield>
    <subfield code="g">395.00</subfield>
    <subfield code="l">4</subfield>
    <subfield code="p">15-B-16355</subfield>
    <subfield code="r">2025-02-08</subfield>
    <subfield code="s">2024-09-04</subfield>
    <subfield code="w">2020-12-14</subfield>
    <subfield code="y">02</subfield>
  </datafield>
  <datafield tag="952" ind1=" " ind2=" ">
    <subfield code="0">0</subfield>
    <subfield code="1">0</subfield>
    <subfield code="2">ddc</subfield>
    <subfield code="4">0</subfield>
    <subfield code="7">0</subfield>
    <subfield code="a">15</subfield>
    <subfield code="b">15</subfield>
    <subfield code="d">2020-12-14</subfield>
    <subfield code="g">395.00</subfield>
    <subfield code="l">4</subfield>
    <subfield code="p">15-B-16356</subfield>
    <subfield code="r">2025-02-05</subfield>
    <subfield code="s">2024-09-12</subfield>
    <subfield code="w">2020-12-14</subfield>
    <subfield code="y">02</subfield>
  </datafield>
  <datafield tag="952" ind1=" " ind2=" ">
    <subfield code="0">0</subfield>
    <subfield code="1">0</subfield>
    <subfield code="2">ddc</subfield>
    <subfield code="4">0</subfield>
    <subfield code="7">0</subfield>
    <subfield code="a">15</subfield>
    <subfield code="b">15</subfield>
    <subfield code="d">2020-12-14</subfield>
    <subfield code="g">395.00</subfield>
    <subfield code="l">5</subfield>
    <subfield code="p">15-B-16357</subfield>
    <subfield code="r">2025-02-12</subfield>
    <subfield code="s">2024-10-28</subfield>
    <subfield code="w">2020-12-14</subfield>
    <subfield code="y">02</subfield>
  </datafield>
  <datafield tag="952" ind1=" " ind2=" ">
    <subfield code="0">0</subfield>
    <subfield code="1">0</subfield>
    <subfield code="2">ddc</subfield>
    <subfield code="4">0</subfield>
    <subfield code="7">0</subfield>
    <subfield code="a">15</subfield>
    <subfield code="b">15</subfield>
    <subfield code="d">2020-12-14</subfield>
    <subfield code="g">395.00</subfield>
    <subfield code="l">3</subfield>
    <subfield code="p">15-B-16358</subfield>
    <subfield code="r">2024-03-06</subfield>
    <subfield code="s">2023-09-20</subfield>
    <subfield code="w">2020-12-14</subfield>
    <subfield code="y">02</subfield>
  </datafield>
  <datafield tag="952" ind1=" " ind2=" ">
    <subfield code="0">0</subfield>
    <subfield code="1">0</subfield>
    <subfield code="2">ddc</subfield>
    <subfield code="4">0</subfield>
    <subfield code="7">0</subfield>
    <subfield code="a">15</subfield>
    <subfield code="b">15</subfield>
    <subfield code="d">2020-12-14</subfield>
    <subfield code="g">395.00</subfield>
    <subfield code="l">4</subfield>
    <subfield code="p">15-B-16359</subfield>
    <subfield code="r">2025-02-03</subfield>
    <subfield code="s">2024-09-04</subfield>
    <subfield code="w">2020-12-14</subfield>
    <subfield code="y">02</subfield>
  </datafield>
  <datafield tag="952" ind1=" " ind2=" ">
    <subfield code="0">0</subfield>
    <subfield code="1">0</subfield>
    <subfield code="2">ddc</subfield>
    <subfield code="4">0</subfield>
    <subfield code="7">0</subfield>
    <subfield code="a">15</subfield>
    <subfield code="b">15</subfield>
    <subfield code="d">2020-12-14</subfield>
    <subfield code="g">395.00</subfield>
    <subfield code="l">5</subfield>
    <subfield code="p">15-B-16360</subfield>
    <subfield code="r">2025-02-12</subfield>
    <subfield code="s">2024-09-03</subfield>
    <subfield code="w">2020-12-14</subfield>
    <subfield code="y">02</subfield>
  </datafield>
  <datafield tag="952" ind1=" " ind2=" ">
    <subfield code="0">0</subfield>
    <subfield code="1">0</subfield>
    <subfield code="2">ddc</subfield>
    <subfield code="4">0</subfield>
    <subfield code="7">0</subfield>
    <subfield code="a">15</subfield>
    <subfield code="b">15</subfield>
    <subfield code="d">2020-12-14</subfield>
    <subfield code="g">395.00</subfield>
    <subfield code="l">4</subfield>
    <subfield code="p">15-B-16361</subfield>
    <subfield code="q">2025-01-31</subfield>
    <subfield code="r">2024-09-03</subfield>
    <subfield code="s">2024-09-03</subfield>
    <subfield code="w">2020-12-14</subfield>
    <subfield code="y">02</subfield>
  </datafield>
  <datafield tag="952" ind1=" " ind2=" ">
    <subfield code="0">0</subfield>
    <subfield code="1">0</subfield>
    <subfield code="2">ddc</subfield>
    <subfield code="4">0</subfield>
    <subfield code="7">0</subfield>
    <subfield code="a">15</subfield>
    <subfield code="b">15</subfield>
    <subfield code="d">2020-12-14</subfield>
    <subfield code="g">395.00</subfield>
    <subfield code="l">4</subfield>
    <subfield code="p">15-B-16362</subfield>
    <subfield code="r">2025-02-10</subfield>
    <subfield code="s">2024-09-04</subfield>
    <subfield code="w">2020-12-14</subfield>
    <subfield code="y">02</subfield>
  </datafield>
  <datafield tag="952" ind1=" " ind2=" ">
    <subfield code="0">0</subfield>
    <subfield code="1">0</subfield>
    <subfield code="2">ddc</subfield>
    <subfield code="4">0</subfield>
    <subfield code="7">0</subfield>
    <subfield code="a">15</subfield>
    <subfield code="b">15</subfield>
    <subfield code="d">2020-12-14</subfield>
    <subfield code="g">395.00</subfield>
    <subfield code="l">4</subfield>
    <subfield code="p">15-B-16363</subfield>
    <subfield code="r">2025-03-07</subfield>
    <subfield code="s">2024-10-14</subfield>
    <subfield code="w">2020-12-14</subfield>
    <subfield code="y">02</subfield>
  </datafield>
  <datafield tag="952" ind1=" " ind2=" ">
    <subfield code="0">0</subfield>
    <subfield code="1">0</subfield>
    <subfield code="2">ddc</subfield>
    <subfield code="4">0</subfield>
    <subfield code="7">0</subfield>
    <subfield code="a">15</subfield>
    <subfield code="b">15</subfield>
    <subfield code="d">2020-12-14</subfield>
    <subfield code="g">395.00</subfield>
    <subfield code="l">4</subfield>
    <subfield code="p">15-B-16364</subfield>
    <subfield code="r">2025-02-18</subfield>
    <subfield code="s">2024-09-03</subfield>
    <subfield code="w">2020-12-14</subfield>
    <subfield code="y">02</subfield>
  </datafield>
  <datafield tag="952" ind1=" " ind2=" ">
    <subfield code="0">0</subfield>
    <subfield code="1">0</subfield>
    <subfield code="2">ddc</subfield>
    <subfield code="4">0</subfield>
    <subfield code="7">0</subfield>
    <subfield code="a">15</subfield>
    <subfield code="b">15</subfield>
    <subfield code="d">2020-12-14</subfield>
    <subfield code="g">395.00</subfield>
    <subfield code="l">2</subfield>
    <subfield code="p">15-B-16365</subfield>
    <subfield code="r">2022-03-25</subfield>
    <subfield code="s">2021-10-23</subfield>
    <subfield code="w">2020-12-14</subfield>
    <subfield code="y">15</subfield>
  </datafield>
  <datafield tag="952" ind1=" " ind2=" ">
    <subfield code="0">0</subfield>
    <subfield code="1">0</subfield>
    <subfield code="2">ddc</subfield>
    <subfield code="4">0</subfield>
    <subfield code="7">0</subfield>
    <subfield code="a">15</subfield>
    <subfield code="b">15</subfield>
    <subfield code="d">2020-12-14</subfield>
    <subfield code="g">395.00</subfield>
    <subfield code="l">4</subfield>
    <subfield code="p">15-B-16366</subfield>
    <subfield code="r">2025-02-06</subfield>
    <subfield code="s">2024-09-04</subfield>
    <subfield code="w">2020-12-14</subfield>
    <subfield code="y">02</subfield>
  </datafield>
  <datafield tag="952" ind1=" " ind2=" ">
    <subfield code="0">0</subfield>
    <subfield code="1">0</subfield>
    <subfield code="2">ddc</subfield>
    <subfield code="4">0</subfield>
    <subfield code="7">0</subfield>
    <subfield code="a">15</subfield>
    <subfield code="b">15</subfield>
    <subfield code="d">2020-12-14</subfield>
    <subfield code="g">395.00</subfield>
    <subfield code="l">4</subfield>
    <subfield code="p">15-B-16367</subfield>
    <subfield code="r">2025-02-04</subfield>
    <subfield code="s">2024-09-05</subfield>
    <subfield code="w">2020-12-14</subfield>
    <subfield code="y">02</subfield>
  </datafield>
  <datafield tag="952" ind1=" " ind2=" ">
    <subfield code="0">0</subfield>
    <subfield code="1">0</subfield>
    <subfield code="2">ddc</subfield>
    <subfield code="4">0</subfield>
    <subfield code="7">0</subfield>
    <subfield code="a">15</subfield>
    <subfield code="b">15</subfield>
    <subfield code="d">2020-12-14</subfield>
    <subfield code="g">395.00</subfield>
    <subfield code="l">5</subfield>
    <subfield code="p">15-B-16368</subfield>
    <subfield code="r">2025-02-12</subfield>
    <subfield code="s">2024-09-06</subfield>
    <subfield code="w">2020-12-14</subfield>
    <subfield code="y">02</subfield>
  </datafield>
  <datafield tag="952" ind1=" " ind2=" ">
    <subfield code="0">0</subfield>
    <subfield code="1">0</subfield>
    <subfield code="2">ddc</subfield>
    <subfield code="4">0</subfield>
    <subfield code="7">0</subfield>
    <subfield code="a">15</subfield>
    <subfield code="b">15</subfield>
    <subfield code="d">2020-12-14</subfield>
    <subfield code="g">395.00</subfield>
    <subfield code="l">3</subfield>
    <subfield code="p">15-B-16369</subfield>
    <subfield code="r">2025-02-10</subfield>
    <subfield code="s">2024-09-03</subfield>
    <subfield code="w">2020-12-14</subfield>
    <subfield code="y">02</subfield>
  </datafield>
  <datafield tag="952" ind1=" " ind2=" ">
    <subfield code="0">0</subfield>
    <subfield code="1">0</subfield>
    <subfield code="2">ddc</subfield>
    <subfield code="4">0</subfield>
    <subfield code="7">0</subfield>
    <subfield code="a">15</subfield>
    <subfield code="b">15</subfield>
    <subfield code="d">2020-12-14</subfield>
    <subfield code="g">395.00</subfield>
    <subfield code="l">2</subfield>
    <subfield code="p">15-B-16370</subfield>
    <subfield code="r">2022-03-28</subfield>
    <subfield code="s">2021-10-12</subfield>
    <subfield code="w">2020-12-14</subfield>
    <subfield code="y">02</subfield>
  </datafield>
  <datafield tag="952" ind1=" " ind2=" ">
    <subfield code="0">0</subfield>
    <subfield code="1">0</subfield>
    <subfield code="2">ddc</subfield>
    <subfield code="4">0</subfield>
    <subfield code="7">0</subfield>
    <subfield code="a">15</subfield>
    <subfield code="b">15</subfield>
    <subfield code="d">2020-12-14</subfield>
    <subfield code="g">395.00</subfield>
    <subfield code="l">4</subfield>
    <subfield code="p">15-B-16371</subfield>
    <subfield code="r">2025-02-06</subfield>
    <subfield code="s">2024-09-06</subfield>
    <subfield code="w">2020-12-14</subfield>
    <subfield code="y">02</subfield>
  </datafield>
  <datafield tag="952" ind1=" " ind2=" ">
    <subfield code="0">0</subfield>
    <subfield code="1">0</subfield>
    <subfield code="2">ddc</subfield>
    <subfield code="4">0</subfield>
    <subfield code="7">0</subfield>
    <subfield code="a">15</subfield>
    <subfield code="b">15</subfield>
    <subfield code="d">2020-12-14</subfield>
    <subfield code="g">395.00</subfield>
    <subfield code="l">4</subfield>
    <subfield code="p">15-B-16372</subfield>
    <subfield code="r">2025-02-06</subfield>
    <subfield code="s">2024-09-04</subfield>
    <subfield code="w">2020-12-14</subfield>
    <subfield code="y">02</subfield>
  </datafield>
  <datafield tag="952" ind1=" " ind2=" ">
    <subfield code="0">0</subfield>
    <subfield code="1">0</subfield>
    <subfield code="2">ddc</subfield>
    <subfield code="4">0</subfield>
    <subfield code="7">0</subfield>
    <subfield code="a">15</subfield>
    <subfield code="b">15</subfield>
    <subfield code="d">2020-12-14</subfield>
    <subfield code="g">395.00</subfield>
    <subfield code="l">4</subfield>
    <subfield code="p">15-B-16373</subfield>
    <subfield code="r">2026-03-12</subfield>
    <subfield code="s">2024-09-11</subfield>
    <subfield code="w">2020-12-14</subfield>
    <subfield code="y">02</subfield>
  </datafield>
  <datafield tag="952" ind1=" " ind2=" ">
    <subfield code="0">0</subfield>
    <subfield code="1">0</subfield>
    <subfield code="2">ddc</subfield>
    <subfield code="4">0</subfield>
    <subfield code="7">0</subfield>
    <subfield code="a">15</subfield>
    <subfield code="b">15</subfield>
    <subfield code="d">2020-12-14</subfield>
    <subfield code="g">395.00</subfield>
    <subfield code="l">4</subfield>
    <subfield code="p">15-B-16374</subfield>
    <subfield code="r">2025-03-05</subfield>
    <subfield code="s">2024-09-26</subfield>
    <subfield code="w">2020-12-14</subfield>
    <subfield code="y">02</subfield>
  </datafield>
  <datafield tag="952" ind1=" " ind2=" ">
    <subfield code="0">0</subfield>
    <subfield code="1">0</subfield>
    <subfield code="2">ddc</subfield>
    <subfield code="4">0</subfield>
    <subfield code="7">0</subfield>
    <subfield code="a">15</subfield>
    <subfield code="b">15</subfield>
    <subfield code="d">2020-12-14</subfield>
    <subfield code="g">395.00</subfield>
    <subfield code="l">4</subfield>
    <subfield code="p">15-B-16375</subfield>
    <subfield code="r">2025-02-10</subfield>
    <subfield code="s">2024-09-04</subfield>
    <subfield code="w">2020-12-14</subfield>
    <subfield code="y">02</subfield>
  </datafield>
  <datafield tag="952" ind1=" " ind2=" ">
    <subfield code="0">0</subfield>
    <subfield code="1">0</subfield>
    <subfield code="2">ddc</subfield>
    <subfield code="4">0</subfield>
    <subfield code="7">0</subfield>
    <subfield code="a">15</subfield>
    <subfield code="b">15</subfield>
    <subfield code="d">2020-12-14</subfield>
    <subfield code="g">395.00</subfield>
    <subfield code="l">4</subfield>
    <subfield code="p">15-B-16376</subfield>
    <subfield code="r">2025-02-10</subfield>
    <subfield code="s">2024-09-11</subfield>
    <subfield code="w">2020-12-14</subfield>
    <subfield code="y">02</subfield>
  </datafield>
  <datafield tag="952" ind1=" " ind2=" ">
    <subfield code="0">0</subfield>
    <subfield code="1">0</subfield>
    <subfield code="2">ddc</subfield>
    <subfield code="4">0</subfield>
    <subfield code="7">0</subfield>
    <subfield code="a">15</subfield>
    <subfield code="b">15</subfield>
    <subfield code="d">2020-12-14</subfield>
    <subfield code="g">395.00</subfield>
    <subfield code="l">4</subfield>
    <subfield code="p">15-B-16377</subfield>
    <subfield code="r">2025-02-18</subfield>
    <subfield code="s">2024-09-05</subfield>
    <subfield code="w">2020-12-14</subfield>
    <subfield code="y">02</subfield>
  </datafield>
  <datafield tag="952" ind1=" " ind2=" ">
    <subfield code="0">0</subfield>
    <subfield code="1">0</subfield>
    <subfield code="2">ddc</subfield>
    <subfield code="4">0</subfield>
    <subfield code="7">0</subfield>
    <subfield code="a">15</subfield>
    <subfield code="b">15</subfield>
    <subfield code="d">2020-12-14</subfield>
    <subfield code="g">395.00</subfield>
    <subfield code="l">3</subfield>
    <subfield code="p">15-B-16378</subfield>
    <subfield code="r">2022-04-21</subfield>
    <subfield code="s">2021-11-09</subfield>
    <subfield code="w">2020-12-14</subfield>
    <subfield code="y">02</subfield>
  </datafield>
  <datafield tag="952" ind1=" " ind2=" ">
    <subfield code="0">0</subfield>
    <subfield code="1">0</subfield>
    <subfield code="2">ddc</subfield>
    <subfield code="4">0</subfield>
    <subfield code="7">0</subfield>
    <subfield code="a">15</subfield>
    <subfield code="b">15</subfield>
    <subfield code="d">2020-12-14</subfield>
    <subfield code="g">395.00</subfield>
    <subfield code="l">4</subfield>
    <subfield code="p">15-B-16379</subfield>
    <subfield code="r">2025-03-19</subfield>
    <subfield code="s">2024-10-14</subfield>
    <subfield code="w">2020-12-14</subfield>
    <subfield code="y">02</subfield>
  </datafield>
  <datafield tag="952" ind1=" " ind2=" ">
    <subfield code="0">0</subfield>
    <subfield code="1">0</subfield>
    <subfield code="2">ddc</subfield>
    <subfield code="4">0</subfield>
    <subfield code="7">0</subfield>
    <subfield code="a">15</subfield>
    <subfield code="b">15</subfield>
    <subfield code="d">2020-12-14</subfield>
    <subfield code="g">395.00</subfield>
    <subfield code="l">4</subfield>
    <subfield code="p">15-B-16380</subfield>
    <subfield code="q">2025-01-31</subfield>
    <subfield code="r">2024-11-05</subfield>
    <subfield code="s">2024-11-05</subfield>
    <subfield code="w">2020-12-14</subfield>
    <subfield code="y">02</subfield>
  </datafield>
  <datafield tag="952" ind1=" " ind2=" ">
    <subfield code="0">0</subfield>
    <subfield code="1">0</subfield>
    <subfield code="2">ddc</subfield>
    <subfield code="4">0</subfield>
    <subfield code="7">0</subfield>
    <subfield code="a">15</subfield>
    <subfield code="b">15</subfield>
    <subfield code="d">2020-12-14</subfield>
    <subfield code="g">395.00</subfield>
    <subfield code="l">4</subfield>
    <subfield code="p">15-B-16381</subfield>
    <subfield code="r">2025-02-01</subfield>
    <subfield code="s">2024-09-03</subfield>
    <subfield code="w">2020-12-14</subfield>
    <subfield code="y">02</subfield>
  </datafield>
  <datafield tag="952" ind1=" " ind2=" ">
    <subfield code="0">0</subfield>
    <subfield code="1">0</subfield>
    <subfield code="2">ddc</subfield>
    <subfield code="4">0</subfield>
    <subfield code="7">0</subfield>
    <subfield code="a">15</subfield>
    <subfield code="b">15</subfield>
    <subfield code="d">2020-12-14</subfield>
    <subfield code="g">395.00</subfield>
    <subfield code="l">4</subfield>
    <subfield code="p">15-B-16382</subfield>
    <subfield code="r">2025-02-08</subfield>
    <subfield code="s">2024-09-03</subfield>
    <subfield code="w">2020-12-14</subfield>
    <subfield code="y">02</subfield>
  </datafield>
  <datafield tag="952" ind1=" " ind2=" ">
    <subfield code="0">0</subfield>
    <subfield code="1">0</subfield>
    <subfield code="2">ddc</subfield>
    <subfield code="4">0</subfield>
    <subfield code="7">0</subfield>
    <subfield code="a">15</subfield>
    <subfield code="b">15</subfield>
    <subfield code="d">2020-12-14</subfield>
    <subfield code="g">395.00</subfield>
    <subfield code="l">4</subfield>
    <subfield code="p">15-B-16383</subfield>
    <subfield code="r">2025-02-12</subfield>
    <subfield code="s">2024-09-03</subfield>
    <subfield code="w">2020-12-14</subfield>
    <subfield code="y">02</subfield>
  </datafield>
  <datafield tag="952" ind1=" " ind2=" ">
    <subfield code="0">0</subfield>
    <subfield code="1">0</subfield>
    <subfield code="2">ddc</subfield>
    <subfield code="4">0</subfield>
    <subfield code="7">0</subfield>
    <subfield code="a">15</subfield>
    <subfield code="b">15</subfield>
    <subfield code="d">2020-12-14</subfield>
    <subfield code="g">395.00</subfield>
    <subfield code="l">4</subfield>
    <subfield code="m">1</subfield>
    <subfield code="p">15-B-16384</subfield>
    <subfield code="r">2025-02-10</subfield>
    <subfield code="s">2024-09-03</subfield>
    <subfield code="w">2020-12-14</subfield>
    <subfield code="y">02</subfield>
  </datafield>
  <datafield tag="952" ind1=" " ind2=" ">
    <subfield code="0">0</subfield>
    <subfield code="1">0</subfield>
    <subfield code="2">ddc</subfield>
    <subfield code="4">0</subfield>
    <subfield code="7">0</subfield>
    <subfield code="a">15</subfield>
    <subfield code="b">15</subfield>
    <subfield code="d">2020-12-14</subfield>
    <subfield code="g">395.00</subfield>
    <subfield code="l">3</subfield>
    <subfield code="p">15-B-16385</subfield>
    <subfield code="r">2025-02-28</subfield>
    <subfield code="s">2024-11-18</subfield>
    <subfield code="w">2020-12-14</subfield>
    <subfield code="y">02</subfield>
  </datafield>
  <datafield tag="952" ind1=" " ind2=" ">
    <subfield code="0">0</subfield>
    <subfield code="1">0</subfield>
    <subfield code="2">ddc</subfield>
    <subfield code="4">0</subfield>
    <subfield code="7">0</subfield>
    <subfield code="a">15</subfield>
    <subfield code="b">15</subfield>
    <subfield code="d">2020-12-14</subfield>
    <subfield code="g">395.00</subfield>
    <subfield code="l">2</subfield>
    <subfield code="p">15-B-16386</subfield>
    <subfield code="r">2021-12-17</subfield>
    <subfield code="s">2021-10-21</subfield>
    <subfield code="w">2020-12-14</subfield>
    <subfield code="y">02</subfield>
  </datafield>
  <datafield tag="952" ind1=" " ind2=" ">
    <subfield code="0">0</subfield>
    <subfield code="1">0</subfield>
    <subfield code="2">ddc</subfield>
    <subfield code="4">0</subfield>
    <subfield code="7">0</subfield>
    <subfield code="a">15</subfield>
    <subfield code="b">15</subfield>
    <subfield code="d">2020-12-14</subfield>
    <subfield code="g">395.00</subfield>
    <subfield code="l">4</subfield>
    <subfield code="p">15-B-16387</subfield>
    <subfield code="r">2025-02-11</subfield>
    <subfield code="s">2024-11-21</subfield>
    <subfield code="w">2020-12-14</subfield>
    <subfield code="y">02</subfield>
  </datafield>
  <datafield tag="952" ind1=" " ind2=" ">
    <subfield code="0">0</subfield>
    <subfield code="1">0</subfield>
    <subfield code="2">ddc</subfield>
    <subfield code="4">0</subfield>
    <subfield code="7">0</subfield>
    <subfield code="a">15</subfield>
    <subfield code="b">15</subfield>
    <subfield code="d">2020-12-14</subfield>
    <subfield code="g">395.00</subfield>
    <subfield code="l">1</subfield>
    <subfield code="p">15-B-16388</subfield>
    <subfield code="q">2021-06-20</subfield>
    <subfield code="r">2021-01-12</subfield>
    <subfield code="s">2021-01-12</subfield>
    <subfield code="w">2020-12-14</subfield>
    <subfield code="y">02</subfield>
  </datafield>
  <datafield tag="952" ind1=" " ind2=" ">
    <subfield code="0">0</subfield>
    <subfield code="1">0</subfield>
    <subfield code="2">ddc</subfield>
    <subfield code="4">0</subfield>
    <subfield code="7">0</subfield>
    <subfield code="a">15</subfield>
    <subfield code="b">15</subfield>
    <subfield code="d">2020-12-14</subfield>
    <subfield code="g">395.00</subfield>
    <subfield code="l">4</subfield>
    <subfield code="p">15-B-16389</subfield>
    <subfield code="r">2025-02-11</subfield>
    <subfield code="s">2024-10-03</subfield>
    <subfield code="w">2020-12-14</subfield>
    <subfield code="y">02</subfield>
  </datafield>
  <datafield tag="952" ind1=" " ind2=" ">
    <subfield code="0">0</subfield>
    <subfield code="1">0</subfield>
    <subfield code="2">ddc</subfield>
    <subfield code="4">0</subfield>
    <subfield code="7">0</subfield>
    <subfield code="a">15</subfield>
    <subfield code="b">15</subfield>
    <subfield code="d">2020-12-14</subfield>
    <subfield code="g">395.00</subfield>
    <subfield code="l">4</subfield>
    <subfield code="p">15-B-16390</subfield>
    <subfield code="r">2025-02-05</subfield>
    <subfield code="s">2024-09-04</subfield>
    <subfield code="w">2020-12-14</subfield>
    <subfield code="y">02</subfield>
  </datafield>
  <datafield tag="952" ind1=" " ind2=" ">
    <subfield code="0">0</subfield>
    <subfield code="1">0</subfield>
    <subfield code="2">ddc</subfield>
    <subfield code="4">0</subfield>
    <subfield code="7">0</subfield>
    <subfield code="a">15</subfield>
    <subfield code="b">15</subfield>
    <subfield code="d">2020-12-14</subfield>
    <subfield code="g">395.00</subfield>
    <subfield code="l">5</subfield>
    <subfield code="p">15-B-16391</subfield>
    <subfield code="r">2025-02-13</subfield>
    <subfield code="s">2024-09-03</subfield>
    <subfield code="w">2020-12-14</subfield>
    <subfield code="y">02</subfield>
  </datafield>
  <datafield tag="952" ind1=" " ind2=" ">
    <subfield code="0">0</subfield>
    <subfield code="1">0</subfield>
    <subfield code="2">ddc</subfield>
    <subfield code="4">0</subfield>
    <subfield code="7">0</subfield>
    <subfield code="a">15</subfield>
    <subfield code="b">15</subfield>
    <subfield code="d">2020-12-14</subfield>
    <subfield code="g">395.00</subfield>
    <subfield code="l">4</subfield>
    <subfield code="p">15-B-16392</subfield>
    <subfield code="r">2025-02-11</subfield>
    <subfield code="s">2024-09-05</subfield>
    <subfield code="w">2020-12-14</subfield>
    <subfield code="y">02</subfield>
  </datafield>
  <datafield tag="952" ind1=" " ind2=" ">
    <subfield code="0">0</subfield>
    <subfield code="1">0</subfield>
    <subfield code="2">ddc</subfield>
    <subfield code="4">0</subfield>
    <subfield code="7">0</subfield>
    <subfield code="a">15</subfield>
    <subfield code="b">15</subfield>
    <subfield code="d">2020-12-14</subfield>
    <subfield code="g">395.00</subfield>
    <subfield code="l">5</subfield>
    <subfield code="p">15-B-16393</subfield>
    <subfield code="r">2025-02-04</subfield>
    <subfield code="s">2024-09-04</subfield>
    <subfield code="w">2020-12-14</subfield>
    <subfield code="y">02</subfield>
  </datafield>
  <datafield tag="952" ind1=" " ind2=" ">
    <subfield code="0">0</subfield>
    <subfield code="1">0</subfield>
    <subfield code="2">ddc</subfield>
    <subfield code="4">0</subfield>
    <subfield code="7">0</subfield>
    <subfield code="a">15</subfield>
    <subfield code="b">15</subfield>
    <subfield code="d">2020-12-14</subfield>
    <subfield code="g">395.00</subfield>
    <subfield code="l">4</subfield>
    <subfield code="p">15-B-16394</subfield>
    <subfield code="r">2025-01-30</subfield>
    <subfield code="s">2024-09-04</subfield>
    <subfield code="w">2020-12-14</subfield>
    <subfield code="y">02</subfield>
  </datafield>
  <datafield tag="952" ind1=" " ind2=" ">
    <subfield code="0">0</subfield>
    <subfield code="1">0</subfield>
    <subfield code="2">ddc</subfield>
    <subfield code="4">0</subfield>
    <subfield code="7">0</subfield>
    <subfield code="a">15</subfield>
    <subfield code="b">15</subfield>
    <subfield code="d">2020-12-14</subfield>
    <subfield code="g">395.00</subfield>
    <subfield code="l">4</subfield>
    <subfield code="p">15-B-16395</subfield>
    <subfield code="r">2025-02-19</subfield>
    <subfield code="s">2024-09-06</subfield>
    <subfield code="w">2020-12-14</subfield>
    <subfield code="y">02</subfield>
  </datafield>
  <datafield tag="952" ind1=" " ind2=" ">
    <subfield code="0">0</subfield>
    <subfield code="1">0</subfield>
    <subfield code="2">ddc</subfield>
    <subfield code="4">0</subfield>
    <subfield code="7">0</subfield>
    <subfield code="a">15</subfield>
    <subfield code="b">15</subfield>
    <subfield code="d">2020-12-14</subfield>
    <subfield code="g">395.00</subfield>
    <subfield code="l">5</subfield>
    <subfield code="p">15-B-16396</subfield>
    <subfield code="r">2025-02-01</subfield>
    <subfield code="s">2024-09-03</subfield>
    <subfield code="w">2020-12-14</subfield>
    <subfield code="y">02</subfield>
  </datafield>
  <datafield tag="952" ind1=" " ind2=" ">
    <subfield code="0">0</subfield>
    <subfield code="1">0</subfield>
    <subfield code="2">ddc</subfield>
    <subfield code="4">0</subfield>
    <subfield code="7">0</subfield>
    <subfield code="a">15</subfield>
    <subfield code="b">15</subfield>
    <subfield code="d">2020-12-14</subfield>
    <subfield code="g">395.00</subfield>
    <subfield code="l">5</subfield>
    <subfield code="p">15-B-16397</subfield>
    <subfield code="r">2025-03-07</subfield>
    <subfield code="s">2024-09-03</subfield>
    <subfield code="w">2020-12-14</subfield>
    <subfield code="y">02</subfield>
  </datafield>
  <datafield tag="952" ind1=" " ind2=" ">
    <subfield code="0">0</subfield>
    <subfield code="1">0</subfield>
    <subfield code="2">ddc</subfield>
    <subfield code="4">0</subfield>
    <subfield code="7">0</subfield>
    <subfield code="a">15</subfield>
    <subfield code="b">15</subfield>
    <subfield code="d">2020-12-14</subfield>
    <subfield code="g">395.00</subfield>
    <subfield code="l">4</subfield>
    <subfield code="p">15-B-16398</subfield>
    <subfield code="r">2025-02-07</subfield>
    <subfield code="s">2024-09-05</subfield>
    <subfield code="w">2020-12-14</subfield>
    <subfield code="y">02</subfield>
  </datafield>
  <datafield tag="952" ind1=" " ind2=" ">
    <subfield code="0">0</subfield>
    <subfield code="1">0</subfield>
    <subfield code="2">ddc</subfield>
    <subfield code="4">0</subfield>
    <subfield code="7">0</subfield>
    <subfield code="a">15</subfield>
    <subfield code="b">15</subfield>
    <subfield code="d">2020-12-14</subfield>
    <subfield code="g">395.00</subfield>
    <subfield code="l">4</subfield>
    <subfield code="p">15-B-16399</subfield>
    <subfield code="r">2025-06-05</subfield>
    <subfield code="s">2024-09-04</subfield>
    <subfield code="w">2020-12-14</subfield>
    <subfield code="y">15</subfield>
  </datafield>
  <datafield tag="952" ind1=" " ind2=" ">
    <subfield code="0">0</subfield>
    <subfield code="1">0</subfield>
    <subfield code="2">ddc</subfield>
    <subfield code="4">0</subfield>
    <subfield code="7">0</subfield>
    <subfield code="a">15</subfield>
    <subfield code="b">15</subfield>
    <subfield code="d">2020-12-14</subfield>
    <subfield code="g">395.00</subfield>
    <subfield code="l">4</subfield>
    <subfield code="m">1</subfield>
    <subfield code="p">15-B-16400</subfield>
    <subfield code="r">2025-02-13</subfield>
    <subfield code="s">2024-09-03</subfield>
    <subfield code="w">2020-12-14</subfield>
    <subfield code="y">02</subfield>
  </datafield>
  <datafield tag="952" ind1=" " ind2=" ">
    <subfield code="0">0</subfield>
    <subfield code="1">0</subfield>
    <subfield code="2">ddc</subfield>
    <subfield code="4">0</subfield>
    <subfield code="7">0</subfield>
    <subfield code="a">15</subfield>
    <subfield code="b">15</subfield>
    <subfield code="d">2020-12-14</subfield>
    <subfield code="g">395.00</subfield>
    <subfield code="l">4</subfield>
    <subfield code="m">1</subfield>
    <subfield code="p">15-B-16401</subfield>
    <subfield code="r">2025-02-10</subfield>
    <subfield code="s">2024-09-04</subfield>
    <subfield code="w">2020-12-14</subfield>
    <subfield code="y">02</subfield>
  </datafield>
  <datafield tag="952" ind1=" " ind2=" ">
    <subfield code="0">0</subfield>
    <subfield code="1">0</subfield>
    <subfield code="2">ddc</subfield>
    <subfield code="4">0</subfield>
    <subfield code="7">0</subfield>
    <subfield code="a">15</subfield>
    <subfield code="b">15</subfield>
    <subfield code="d">2020-12-14</subfield>
    <subfield code="g">395.00</subfield>
    <subfield code="l">4</subfield>
    <subfield code="p">15-B-16402</subfield>
    <subfield code="r">2025-07-12</subfield>
    <subfield code="s">2024-10-21</subfield>
    <subfield code="w">2020-12-14</subfield>
    <subfield code="y">02</subfield>
  </datafield>
  <datafield tag="952" ind1=" " ind2=" ">
    <subfield code="0">0</subfield>
    <subfield code="1">0</subfield>
    <subfield code="2">ddc</subfield>
    <subfield code="4">0</subfield>
    <subfield code="7">0</subfield>
    <subfield code="a">15</subfield>
    <subfield code="b">15</subfield>
    <subfield code="d">2020-12-14</subfield>
    <subfield code="g">395.00</subfield>
    <subfield code="l">4</subfield>
    <subfield code="m">1</subfield>
    <subfield code="p">15-B-16403</subfield>
    <subfield code="r">2025-02-06</subfield>
    <subfield code="s">2024-09-03</subfield>
    <subfield code="w">2020-12-14</subfield>
    <subfield code="y">02</subfield>
  </datafield>
  <datafield tag="952" ind1=" " ind2=" ">
    <subfield code="0">0</subfield>
    <subfield code="1">0</subfield>
    <subfield code="2">ddc</subfield>
    <subfield code="4">0</subfield>
    <subfield code="7">0</subfield>
    <subfield code="a">15</subfield>
    <subfield code="b">15</subfield>
    <subfield code="d">2020-12-14</subfield>
    <subfield code="g">395.00</subfield>
    <subfield code="l">1</subfield>
    <subfield code="p">15-B-16404</subfield>
    <subfield code="q">2021-01-15</subfield>
    <subfield code="r">2020-12-18</subfield>
    <subfield code="s">2020-12-18</subfield>
    <subfield code="w">2020-12-14</subfield>
    <subfield code="y">02</subfield>
  </datafield>
  <datafield tag="952" ind1=" " ind2=" ">
    <subfield code="0">0</subfield>
    <subfield code="1">0</subfield>
    <subfield code="2">ddc</subfield>
    <subfield code="4">0</subfield>
    <subfield code="7">0</subfield>
    <subfield code="a">15</subfield>
    <subfield code="b">15</subfield>
    <subfield code="d">2020-12-14</subfield>
    <subfield code="g">395.00</subfield>
    <subfield code="l">4</subfield>
    <subfield code="p">15-B-16405</subfield>
    <subfield code="r">2025-03-05</subfield>
    <subfield code="s">2024-10-14</subfield>
    <subfield code="w">2020-12-14</subfield>
    <subfield code="y">02</subfield>
  </datafield>
  <datafield tag="952" ind1=" " ind2=" ">
    <subfield code="0">0</subfield>
    <subfield code="1">0</subfield>
    <subfield code="2">ddc</subfield>
    <subfield code="4">0</subfield>
    <subfield code="7">0</subfield>
    <subfield code="a">15</subfield>
    <subfield code="b">15</subfield>
    <subfield code="d">2020-12-14</subfield>
    <subfield code="g">395.00</subfield>
    <subfield code="l">4</subfield>
    <subfield code="p">15-B-16406</subfield>
    <subfield code="r">2025-02-03</subfield>
    <subfield code="s">2024-09-04</subfield>
    <subfield code="w">2020-12-14</subfield>
    <subfield code="y">02</subfield>
  </datafield>
  <datafield tag="952" ind1=" " ind2=" ">
    <subfield code="0">0</subfield>
    <subfield code="1">0</subfield>
    <subfield code="2">ddc</subfield>
    <subfield code="4">0</subfield>
    <subfield code="7">0</subfield>
    <subfield code="a">15</subfield>
    <subfield code="b">15</subfield>
    <subfield code="d">2020-12-14</subfield>
    <subfield code="g">395.00</subfield>
    <subfield code="l">4</subfield>
    <subfield code="m">1</subfield>
    <subfield code="p">15-B-16407</subfield>
    <subfield code="r">2025-02-04</subfield>
    <subfield code="s">2024-09-06</subfield>
    <subfield code="w">2020-12-14</subfield>
    <subfield code="y">02</subfield>
  </datafield>
</record>
